000 01021cam a2200289 a 4500
942 _cBK
999 _c681
_d681
001 16455599
003 OSt
005 20250420134821.0
008 100913s2010 enkab 001 0 eng
010 _a 2010502312
020 _a9780521123679 (pbk. : student's bk. with ans.)
040 _aDLC
_cKCST
050 0 0 _aPE1449
_b.M393 2010
082 0 0 _a428.1
_222
_bMc Ba
100 1 _aMcCarthy, Michael,
_d1947-
_95303
245 1 0 _aBasic vocabulary in use :
_bwith answers : 60 units of vocabulary practice in North American English /
_cMichael McCarthy, Felicity O'Dell, with Randi Reppen.
250 _a2nd ed.
260 _aCambridge ;
_aNew York :
_bCambridge University Press,
_cc2010.
300 _aix, 168 p. :
_bcol. ill., map ;
_c26 cm.
500 _aIncludes index.
650 0 _aVocabulary
_vProblems, exercises, etc.
_95304
650 0 _aEnglish language
_vTextbooks for foreign speakers.
_94734
700 1 _aO'Dell, Felicity,
_d1947-
_95305
700 1 _aReppen, Randi.
_95306
942 _2ddc